Veľká kuchárska kniha pre kombinované mikrovlnné rúry veľká obrázková kuchírska kniha pre všetky typy mikrovlniek: klasické, kombinované s grilom, s pečením zhora a zdola alebo horúcim vzduchom

Bibliographic Details
Main Author: Liepold, Evelyn (Author)
Other Authors: Teubner, Odette (Photographer), Mosny, Kerstin (Photographer)
Format: Book
Language:Slovak
PhysicalDescription:139 s. 29 cm
Published: Praha Svojtka a Vašut 1997
ISBN:8071803766
Subjects:

MARC

LEADER 00000nam a2200000 a 4500
001 vtls001332054
003 SK-MaSNL
005 20260301065917.0
008 240314s1997 xr a slo
020 |a 8071803766  |c b.c. 
035 |a SNK000284948 
035 |a urn:nbn:sk:snk-amtjoz 
035 |a urn:nbn:sk:snk-am00c6zz 
035 |a B82B7514-0386-435C-8D28-F304720D0005 
040 |a SNK  |b slo  |c SNK  |e AACR2 
041 0 |a slo 
044 |a CZ 
080 |a 641.539(083.12)  |2 1981 
100 1 |a Liepold, Evelyn  |4 aut  |9 45338 
245 1 0 |a Veľká kuchárska kniha pre kombinované mikrovlnné rúry  |b veľká obrázková kuchírska kniha pre všetky typy mikrovlniek: klasické, kombinované s grilom, s pečením zhora a zdola alebo horúcim vzduchom  |c Evelyn Liepoldová ; farebné fotografie vyhotovili Odette Teubnerová a Kerstin Mosnyová ; [z nemeckého vydania preložila Renáta Kubicová] 
260 |a Praha  |b Svojtka a Vašut  |c 1997  |e [Martin  |f Neografia] 
300 |a 139 s.  |c 29 cm 
650 0 7 |a varenie  |x pečenie  |x rúry mikrovlnné  |x predpisy kuchárske  |2 SNK  |9 385343 
650 0 7 |a knihy kuchárske  |2 SNK  |9 283472 
700 1 |a Teubner, Odette  |4 pht  |9 47348 
700 1 |a Mosny, Kerstin  |4 pht  |9 283476 
919 |a 80-7180-376-6 
999 |c 632439  |d 634369 
952 |t P60, <03>, [BOOK], {603}  |a SNK  |b SNK  |y PREZ  |7 0  |p 17A0141994  |o snkSB 58941  |i snkKSP 5438/98  |0 0  |1 0  |4 0  |d 1998-05-26  |f 1  |l 0  |r 2017-06-30 00:00:00  |w 2026-02-23